000 00888nam a22002298a 4500
005 20090723122529.0
008 090320s2009 ii b 001 0 eng
010 _aENG-94524
020 _a9788179102541
_c600.00
035 _aEN-78057
037 _bDBAD / PUB
040 _adpl
_bEnglish
082 _a615.3210954
100 _aIslam, M.
245 _aMedicinal plants of north-east India /
_cby M. Islam
260 _aJaipur
_bAavishkar Publishers, Distributors
_c2009
270 _a807, Vyas Building, Chaura Rasta,
_bJaipur
_e302003
300 _axxii, 149p.:
_c23cm(Hb)
_bcol. photos
500 _aIncludes references and glossary
942 _2ddc
_cEN
_mISL
_h615.3210954
999 _c28580
_d28580